Les verbes à particule - TOIEC - Aléatoire - Statistiques

Statistiques générales
  • Ce quiz a été pris 3 fois
  • Le résultat moyen est 1 sur 20
Statistiques - réponses
Français Anglais % Correct
Turn round faire demi-tour
100%
Pay back rembourser
100%
Check in s'enregistrer
100%
Fill up remplir
50%
Give up abandonner
0%
Count up ajouter
0%
Follow through aller au bout des choses
0%
Pick up aller chercher (quelqu'un ou quelque chose)
0%
Call off annuler
0%
Ring up appeler
0%
Point out attirer l'attention sur
0%
Put forward avancer le temps (film...)
0%
Bring forward avancer une date
0%
Fell up to avoir le courage de faire
0%
Run out of avoir tout utilisé
0%
Care about avoir un intérêt pour
0%
Think of avoir un opinion
0%
Go down baisser les prix
0%
Fill in compléter un document
0%
Carry (go/keep) on continuer
0%
Cut off couper (phone)
0%
Take off (avion) décollage (avion)
0%
Drop off déposer quelqu'un
0%
Get off / on descendre de
0%
Wear out devenir usé
0%
See off dire au revoir ( à quelque part)
0%
Hand out distribuer
0%
Cut up diviser en plusieurs parties
0%
Take off (vêtements) enlever (vêtements)
0%
Try on (vêtements) essayer (vêtements)
0%
Go with être assorti à
0%
Be taken aback être étonné
0%
Look through examiner un document
0%
Get across faire comprendre
0%
Stop over faire escale (avion)
0%
Average out faire la moyenne de / s'équilibrer
0%
Send on faire suivre
0%
Make out faire un chèque
0%
Put in for faire une demande de
0%
Look over inspecter soigneusement
0%
Get through joindre (au telephone)
0%
Put up lever les prix
0%
Sell off liquider
0%
Break down machine en panne
0%
Follow out mettre les instructions en pratiques
0%
Turn up monter le son
0%
Set up organiser une réunion
0%
Speak up parler plus fort
0%
Set off / out partir (pour un voyage)
0%
Drop in on passer voir (inattendue)
0%
Hold / Hang on patienter (au telephone)
0%
Take over prendre le contrôle de
0%
Take down prendre note de
0%
Check out (of) quitter l'hôtel
0%
Ring off raccrocher
0%
Hang up raccrocher (de rage)
0%
Ring back rappeler
0%
Come into recevoir de l'argent (héritage)
0%
Draw up rédiger un document
0%
Cut down (on) reduire les dépenses
0%
Read over / Through relire attentivement
0%
Come up against rencontrer un problème
0%
Put back / off repousser une date
0%
Hold up retarder le traffic
0%
Take out retirer de l'argent (banque)
0%
Cheer up retrouver le sourire
0%
Mount up s'accumuler (ajouter par addition)
0%
Wear off s'atténuer
0%
Calm down se calmer
0%
Do away with se débarrasser de
0%
Be off s'en aller d'une réunion
0%
Groan at se plaindre
0%
Back out of se retirer (un argument)
0%
Go out (lumière/feu) s'éteindre (lumière/feu)
0%
Take away soustraire / éliminer
0%
Put up with supporter / tolérer
0%
Try out tester quelque chose
0%
Sell out of vendre tout le stock
0%
Check up on vérifier que tout va bien
0%
Aucun quiz correspondant
Distribution des résultats
% des personnes avec chaque résultat
Percentile par nombre de réponses
Votre historique - résultats
Vous n’avez pas pris ce quiz